2010 año del tigre de metal (Registro nro. 11257)

Detalles MARC
000 -LIDER
fixed length control field 01173cam a2200313 i 4500
001 - NÚMERO DE CONTROL
Identificador de número de control 0000639
003 - IDENTIFICACDOR DE NÚMERO DE CONTROL
control field DO-SdBNP
005 - DATE AND TIME OF LATEST TRANSACTION
control field 20171213104406.0
007 - CAMPOS FIJOS DE DESCRIPCIÓN FÍSICA
fixed length control field 0000639
008 - ELEMENTOS DE LONGITUD FIJA
fixed length control field 100514s 2009 mx | 000 f spa
015 ## - NÚMERO DENTRO DE LA BIBLIOGRAFÍA NACIONAL
National bibliography number
017 ## - NÚMERO DE REGISTRO DE DERECHOS DE AUTOR
Copyright or legal deposit number
Assigning agency
020 ## - ISBN
International Standard Book Number 9786071102492
035 ## - NÚMERO LOCAL
System control number
040 ## - FUENTE DE CATALOGACIÓN
Agencia que crea de manera original el registro BPMSU
Idioma de catalogación spa
Agencia que realiza la transcripción BPMSU
Convenciones de la despripción
080 ## - NÚMERO DE CLASIFICACIÓN DECIMAL UNIVERSAL
Universal Decimal Classification number
100 1# - ASIENTO PRINCIPAL -- NOMBRE PERSONAL
Nombre personal Koppel, Mónica
245 10 - MENCIÓN DE TITULO
Título 2010 año del tigre de metal
Subtítulo conoce qué te depara el año del tigre de metal y como apoyarte en el feng shui para obtener éxito, amor, equilibrio, armonía, paz y abundancia durante este año /
Mención de responsabilidad Mónica Koppel, Bruno Koppel
246 10 - VARIACION DEL TÍTULO
Título propiamente dicho o título corto Dos mil diez año del tigue de metal
Subtítulo conoce qué te depara el año del tigre de metal y como apoyarte en el feng shui para obtener éxito, amor, equilibrio, armonía, paz y abundancia durante este año /
260 ## - PUBLICACIÓN, DISTRIBUCIÓN, ETC. (PIE DE IMPRENTA)
Lugar de publicación, distribución, etc Méxio:
Nombre del editor, distribuidor, etc. Alamah,
Fecha de publicación, distribución, etc 2009.
300 ## - DESCRIPCIÓN FÍSICA
Extensión 358 p.:
Dimensiones 22 cm
490 ## - MENCIÓN DE SERIES
Mención de serie Tradiciones de oriente
504 ## - NOTA DE BIBLIOGRAFÍA, ETC.
Bibliography, etc Bibliografía p: 355-358
700 12 - ASIENTO SECUNDARIO -- NOMBRE PERSONAL
Nombre personal Koppel, Bruno
830 #0 - ASIENTO SECUNDARIO DE SERIE--TÍTULO UNIFORME
Título uniforme Tradiciones de oriente
942 ## - ADDED ENTRY ELEMENTS (KOHA)
Source of classification or shelving scheme Dewey Decimal Classification
Koha item type Libros
945 ## - INFORMACIÓN DE PROCESAMIENTO LOCAL
Información de procesamiento local Inventariado extranjero 2017/ YL
956 ## - LOCAL ELECTRONIC LOCATION AND ACCESS (OCLC)
Nombre de host YLOCKWARD
Información de compresión BPMSU
Número de acceso 10
Trayectoria 20171213
Existencias
Withdrawn status Lost status Source of classification or shelving scheme Damaged status Not for loan Collection code Home library Current library Date acquired Source of acquisition Total Checkouts Barcode Date last seen Price effective from Koha item type Copy number
    Dewey Decimal Classification     Colección General Biblioteca Pública Metropolitana Salomé Ureña Biblioteca Pública Metropolitana Salomé Ureña 08/31/2016 Alfaguara   BPMSU16080356 08/31/2016 08/31/2016 Libros  
    Dewey Decimal Classification     Colección General Biblioteca Pública Metropolitana Salomé Ureña Biblioteca Pública Metropolitana Salomé Ureña 08/31/2016 Alfaguara   BPMSU16080357 08/31/2016 08/31/2016 Libros e. 2
    Dewey Decimal Classification     Colección General Biblioteca Pública Metropolitana Salomé Ureña Biblioteca Pública Metropolitana Salomé Ureña 08/31/2016 Alfaguara   BPMSU16080358 08/31/2016 08/31/2016 Libros e. 3